| 000 | 00593nam a2200181Ia 4500 | ||
|---|---|---|---|
| 003 | GCL | ||
| 008 | 140319s9999 xx 000 0 ara d | ||
| 040 |
_aGCL / _cGCL |
||
| 082 | 0 | 4 |
_a235.2 _bع ا |
| 100 | 1 | _aعبدالبارى طه سعيد | |
| 245 | 1 | 0 |
_aاثر التشبيه فى تصوير المعنى (قراءة فى صحيح مسلم) / _cعبدالبارى طه سعيد |
| 300 | _a351 ص | ||
| 490 |
_aفى البلاغة النبوية _v0 |
||
| 650 | 0 | 4 | _aالحديث - تفسير |
| 650 | 0 | 4 | _aالبلاغة العربية |
| 650 | 0 | 4 | _aصحيح مسلم |
| 942 |
_2ddc _cBK |
||
| 999 |
_c37527 _d37527 |
||